Hazbin Hotel - Hazbin guarantee lirycs - Statistics

General Stats
  • This quiz has been taken 101 times
  • The average score is 364 of 487
Answer Stats
Hint Answer % Correct
I
100%
I—
100%
you
100%
You
100%
your
98%
Your
98%
in,
96%
in
96%
Velvette & Valentino: In
96%
me
96%
Me
96%
Charlie: | Velvette & Valentino: | Velvette: Come
95%
on
95%
on,
95%
a
89%
Charlie: Ha,
89%
here
89%
key
89%
The
89%
the
89%
do
88%
Angel: Hay,
88%
hey,
88%
that
88%
That
88%
that,
88%
Sinner: Who?
88%
who
88%
of
86%
here's
84%
Charlie: Here's
84%
Let
84%
right
84%
right,
84%
to
84%
(now) Vaggie: Al,
82%
All
82%
Velvette: all
82%
And
82%
and
82%
get
82%
Get
82%
Hazbin
82%
Charlie & (now) Vaggie: | Charlie: | Vox: That's
82%
Charlie: that's
82%
us
82%
Us
82%
us!
82%
Charlie & (now) Vaggie: | Valentino: We
82%
we
82%
be
81%
can
81%
'cause
81%
'Cause
81%
don't
81%
guarantee
81%
Guarantee
81%
Charlie: Guarantee!
81%
it
81%
Angel: | Valentino: No
81%
no
81%
Sinner: No,
81%
no,
81%
trust
81%
Trust
81%
Trust—
81%
Vee
81%
With
81%
with
81%
are
79%
Velvette & Valentino: A-snip,
79%
fuck
79%
fuckin'
79%
is
79%
is—
79%
my
79%
see
79%
snip,
79%
snip
79%
star
79%
Tower
79%
when
79%
biulding
77%
biulding!
77%
by
77%
down
77%
free?
77%
got
77%
great!
77%
great
77%
Charlie: Have
77%
have
77%
it's
77%
Alastor: It's
77%
just
77%
Just
77%
more
77%
one
77%
out
77%
Where
77%
boring
75%
could
75%
lips
75%
meant
75%
our
75%
redemption
75%
Redemption
75%
Vox: Take
75%
those
75%
want
75%
was
75%
after
74%
drink,
74%
hands
74%
hate
74%
hell's
74%
hot
74%
If
74%
if
74%
I'm
74%
nice
74%
Charlie: Now
74%
now
74%
potential
74%
we'll
74%
Velvette & Valentino: Why
74%
bitch
72%
does!
72%
fucking
72%
(now) Vaggie: | Husk: Full
72%
Niffty: full
72%
gonna
72%
harmony
72%
holes
72%
hope
72%
Hope
72%
hotel,
72%
how
72%
know
72%
live
72%
off
72%
soul
72%
turn
72%
baby!
70%
But
70%
but
70%
can't
70%
did
70%
done
70%
filler
70%
flower
70%
for
70%
For
70%
not
70%
rewarding
70%
say
70%
them
70%
then
70%
they
70%
this
70%
Cherri: | Husk: What
70%
Baxter: What?,
70%
Valentino: | Vox: Yeah,
70%
as
68%
cash
68%
checkin'
68%
chest
68%
fameous
68%
family
68%
fluff!
68%
gotta
68%
little
68%
price
68%
scene
68%
snoring?
68%
tell
68%
Charlie: there's
68%
Valentino & Vox: There's
68%
totally
68%
worth
68%
being
67%
channel
67%
game,
67%
had
67%
kidding
67%
killer
67%
never
67%
over-exposed
67%
Vox: Psst,
67%
run
67%
you're
67%
cancelled
65%
considered
65%
fit
65%
friend
65%
From
65%
from
65%
fun,
65%
guests
65%
Velvette: Let's
65%
mention
65%
such
65%
talent
65%
traddemarked
65%
way
65%
been
63%
car,
63%
changed
63%
drunks
63%
I'll
63%
love
63%
mind
63%
outdoes
63%
perv,
63%
repeat
63%
Velvette & Valentino: Sign
63%
start
63%
still
63%
thing
63%
too
63%
violence
63%
We're
63%
whole
63%
joke
61%
junk
61%
much
61%
outbuzz
61%
possible
61%
power
61%
pull
61%
role
61%
seen
61%
sense
61%
they've
61%
vocation
61%
bag,
60%
bar
60%
beer
60%
boos
60%
covered
60%
died
60%
floors
60%
front
60%
last
60%
murdered
60%
Charlie: Or
60%
reason
60%
roles
60%
scandal
60%
Vox: Scratch
60%
seekin'
60%
sell
60%
sick
60%
souls
60%
these
60%
guidance
58%
isn't,
58%
month
58%
reckonin'
58%
starring
58%
sticky
58%
'til
58%
cope
56%
drop
56%
finished,
56%
him
56%
Mai
56%
tai
56%
they're
56%
torrential
56%
wait
56%
clicks
54%
Velvette: Except
54%
once
54%
save
54%
Valentino: Wax
54%
backed
53%
shit?
53%
validate
53%
cherri!
51%
everybody!
51%
made
51%
parked
51%
tellin'
51%
Ooh,
49%
Charlie You've
49%
okay
47%
watching
47%
has
44%
drip
40%
'em
40%
(now) Vaggie: Ugh,
39%
Velvette: Uh-huh
39%
gooch
35%
afterlive
30%
realy,
30%
realy
30%
live's
28%
choise
11%
c-nts,
7%
making
4%
streep
4%
Bacause
0%
teke
0%
No matching quizzes found
Score Distribution
Percent of People with Each Score
Percentile by Number Answered
Your Score History
You have not taken this quiz